<?xml version="1.0" encoding="UTF-8"?>
<record
    xmlns:xsi="http://www.w3.org/2001/XMLSchema-instance"
    xsi:schemaLocation="http://www.loc.gov/MARC21/slim http://www.loc.gov/standards/marcxml/schema/MARC21slim.xsd"
    xmlns="http://www.loc.gov/MARC21/slim">

  <leader>01166nam a2200241   4500</leader>
  <controlfield tag="001">83502</controlfield>
  <controlfield tag="003">BD-RjUL</controlfield>
  <controlfield tag="005">20240327132802.0</controlfield>
  <controlfield tag="008">240327s2010    bg ||||| |||| 00| 0 eng d</controlfield>
  <datafield tag="035" ind1=" " ind2=" ">
    <subfield code="a">(BD-RjUL)83502</subfield>
  </datafield>
  <datafield tag="040" ind1=" " ind2=" ">
    <subfield code="a">BD-RjUL</subfield>
    <subfield code="b">eng</subfield>
    <subfield code="c">BD-RjUL</subfield>
  </datafield>
  <datafield tag="041" ind1=" " ind2=" ">
    <subfield code="a">eng</subfield>
  </datafield>
  <datafield tag="082" ind1=" " ind2=" ">
    <subfield code="2">23</subfield>
    <subfield code="a">892.7509</subfield>
    <subfield code="b">MUM 2010</subfield>
  </datafield>
  <datafield tag="100" ind1=" " ind2=" ">
    <subfield code="a"> &#x645;&#x643;&#x648;&#x644;, &#x639;&#x628;&#x62F; &#x627;&#x644;&#x631;&#x62D;&#x64A;&#x645; = Mukul, Abdur Rahim</subfield>
    <subfield code="9">12580</subfield>
  </datafield>
  <datafield tag="245" ind1=" " ind2=" ">
    <subfield code="a">&#x645;&#x648;&#x642;&#x641; &#x627;&#x644;&#x628;&#x635;&#x631;&#x64A;&#x64A;&#x646; &#x645;&#x646; &#x62A;&#x637;&#x648;&#x631; &#x627;&#x644;&#x646;&#x62D;&#x648; &#x627;&#x644;&#x639;&#x631;&#x628;&#x64A; &#x62D;&#x62A;&#x649; &#x627;&#x644;&#x642;&#x631;&#x646; &#x627;&#x644;&#x62B;&#x627;&#x644;&#x62B; &#x627;&#x644;&#x647;&#x62C;&#x631;&#x64A;  = Contributions of the Basrites Towards the Development of Arabic Grammar till the 3rd Century of Hijrah /</subfield>
    <subfield code="c">&#x639;&#x628;&#x62F; &#x627;&#x644;&#x631;&#x62D;&#x64A;&#x645; &#x645;&#x643;&#x648;&#x644; =Md. Rahim Mukul</subfield>
    <subfield code="6">&#x627;&#x628;&#x648; &#x64A;&#x648;&#x646;&#x633; &#x62E;&#x627;&#x646; &#x645;&#x62D;&#x645;&#x62F; &#x62C;&#x647;&#x627;&#x646;&#x63A;&#x64A;&#x631; = D.A.Y.K.M. Jahangir</subfield>
  </datafield>
  <datafield tag="260" ind1=" " ind2=" ">
    <subfield code="a">Rajshahi University :</subfield>
    <subfield code="b">Dpt. of Arabic R.U.</subfield>
    <subfield code="c">2010 [1431]</subfield>
  </datafield>
  <datafield tag="300" ind1=" " ind2=" ">
    <subfield code="a">330 p. ;</subfield>
    <subfield code="c">29 cm</subfield>
  </datafield>
  <datafield tag="502" ind1=" " ind2=" ">
    <subfield code="a">Thesis (Ph. D.) -- Department of Arabic, University of Rajshahi, 2010</subfield>
  </datafield>
  <datafield tag="504" ind1=" " ind2=" ">
    <subfield code="a">Includes Bibliographies at the end of the thesis</subfield>
  </datafield>
  <datafield tag="650" ind1=" " ind2=" ">
    <subfield code="a">Arabic Grammar</subfield>
    <subfield code="v">Hitory &amp; Criticism</subfield>
    <subfield code="9">12581</subfield>
  </datafield>
  <datafield tag="700" ind1=" " ind2=" ">
    <subfield code="a">&#x62C;&#x647;&#x627;&#x646;&#x63A;&#x64A;&#x631;, &#x627;&#x628;&#x648; &#x64A;&#x648;&#x646;&#x633; &#x62E;&#x627;&#x646; &#x645;&#x62D;&#x645;&#x62F; =Jahangir, Abu Yunus Khan Md.</subfield>
    <subfield code="9">12582</subfield>
  </datafield>
  <datafield tag="942" ind1=" " ind2=" ">
    <subfield code="2">ddc</subfield>
    <subfield code="c">THE</subfield>
  </datafield>
  <datafield tag="999" ind1=" " ind2=" ">
    <subfield code="c">83502</subfield>
    <subfield code="d">83502</subfield>
  </datafield>
  <datafield tag="952" ind1=" " ind2=" ">
    <subfield code="1">0</subfield>
    <subfield code="2">ddc</subfield>
    <subfield code="4">0</subfield>
    <subfield code="7">1</subfield>
    <subfield code="8">THESES</subfield>
    <subfield code="a">RUCL</subfield>
    <subfield code="b">RUCL</subfield>
    <subfield code="c">REF</subfield>
    <subfield code="d">2011-06-09</subfield>
    <subfield code="e">Rajshahi  University , </subfield>
    <subfield code="o">A THE 892.7509 MUM 2010</subfield>
    <subfield code="p">D3256</subfield>
    <subfield code="r">2024-03-27 00:00:00</subfield>
    <subfield code="t">C-1</subfield>
    <subfield code="y">THE</subfield>
  </datafield>
</record>
